|
|
|
แสดงรายละเอียดบรรณานุกรม |
|
|
Brief Record
: Get Marc (ISO 2709)
: E-mail record
: |
|
|
| LEADER 00000nam 2200000uu 4500 | |||
| 001 39256 | |||
| 003 ULIBM | |||
| 008 020711s2564 th a 000 0 tha d | |||
| 020 9786165773744 | |||
| 050 H62 ท467ว | |||
| 100 ทิพย์สิริ กาญจนวาสี | |||
| 245 วิธีวิทยาการวิจัย (Research methodology)/ทิพย์สิริ กาญจนวาสี | |||
| 250 พิมพ์ครั้งที่ 3 | |||
| 260 กรุงเทพฯ :^bพิมพ์ทันใจ,^c2564 | |||
| 300 277 หน้า ;^c25 ซม. | |||
| 650 Research Design | |||
| 650 Data Collection--methods | |||
| 650 Statistics as Topic | |||
| 650 Scientific Method | |||
| 650 วิจัย | |||
| 999 ^aฐานิตา โสภะสุนทร | |||
| คุณยังไม่ได้ล็อกอิน คุณสามารถมีกิจกรรมร่วมกับเว็บไซต์ได้ แต่ต้องล็อกอินก่อน :: |
|
| สถานะ | |||||||||
| 1. | หนังสือทั่วไป | H62 ท467ว 2564 ฉ.1 Barcode: 005408 | On Shelf ขอยืม | ||||||
| 2. | หนังสือทั่วไป | H62 ท467ว 2564 ฉ.2 Barcode: 005409 | On Shelf ขอยืม | ||||||
| [แสดง 2/2 รายการ] | |||||||||
| รายการใกล้เคียง หัวเรื่อง [Research Design]
หัวเรื่อง [วิจัย]
|
BibComment |
| คอมเมนท์ทรัพยากรรายการนี้ |
|
|